Online
Catalog

Medio siglo en el seguro social dominicano / (Record no. 11397)

MARC details
000 -CABECERA
campo de control de longitud fija 00945nam a2200241 a 4500
001 - NÚMERO DE CONTROL
campo de control 000011722
005 - FECHA Y HORA DE LA ÚLTIMA TRANSACCIÓN
campo de control 20240305092125.0
008 - DATOS DE LONGITUD FIJA--INFORMACIÓN GENERAL
campo de control de longitud fija 091027s2005 dr a 000 0 spa d
020 ## - NÚMERO INTERNACIONAL ESTÁNDAR DEL LIBRO
ISBN cancelado o inválido 9945160
040 ## - FUENTE DE LA CATALOGACIÓN
Centro catalogador/agencia de origen DO-SdBNP
Lengua de catalogación spa
Centro/agencia transcriptor BNPHU
082 ## - NÚMERO DE LA CLASIFICACIÓN DECIMAL DEWEY
Número de clasificación 610.6952
Número de documento/Ítem V297m
100 1# - ENTRADA PRINCIPAL--NOMBRE DE PERSONA
Nombre de persona Vargas Genao, Caraciolo,
Fechas asociadas al nombre 1927-
9 (RLIN) 27772
245 10 - MENCIÓN DE TÍTULO
Título Medio siglo en el seguro social dominicano /
Mención de responsabilidad, etc. Caraciolo Vargas Genao.
260 ## - PUBLICACIÓN, DISTRIBUCIÓN, ETC.
Lugar de publicación, distribución, etc. Santo Domingo :
Nombre del editor, distribuidor, etc. Manatí,
Fecha de publicación, distribución, etc. 2005.
300 ## - DESCRIPCIÓN FÍSICA
Extensión 237 p. :
Otras características físicas il. ;
Dimensiones 23 cm.
500 ## - NOTA GENERAL
Nota general Incluye datos biográficos del autor en la contracubierta.
504 ## - NOTA DE BIBLIOGRAFÍA, ETC.
Nota de bibliografía, etc. Incluye referencias bibliográficas y notas al pie de las páginas.
590 ## - NOTA LOCAL (RLIN)
Nota local Inventariado,2018/DG
600 10 - PUNTO DE ACCESO ADICIONAL DE MATERIA--NOMBRE DE PERSONA
Nombre de persona Vargas Genao, Caracciolo,
Fechas asociadas al nombre 1927-2015
9 (RLIN) 1504
650 #4 - PUNTO DE ACCESO ADICIONAL DE MATERIA--TÉRMINO DE MATERIA
Término de materia o nombre geográfico como elemento de entrada Medicina
Subdivisión general Anécdotas, chistes, sátiras, etc.
9 (RLIN) 7153
650 #4 - PUNTO DE ACCESO ADICIONAL DE MATERIA--TÉRMINO DE MATERIA
Término de materia o nombre geográfico como elemento de entrada Seguridad social
Subdivisión geográfica República Dominicana
Subdivisión general Historia
9 (RLIN) 27773
650 #4 - PUNTO DE ACCESO ADICIONAL DE MATERIA--TÉRMINO DE MATERIA
Término de materia o nombre geográfico como elemento de entrada Hospitales
Subdivisión geográfica República Dominicana
Subdivisión general Historia
9 (RLIN) 13983
Holdings
Estado de retiro Estado de pérdida Restricciones de uso No para préstamo Código de colección Localización permanente Ubicación/localización actual Ubicación en estantería Fecha de adquisición Número de inventario Total de préstamos Signatura topográfica completa Código de barras Fecha visto por última vez Número de copia Precio válido a partir de Tipo de ítem Koha
        Dominicana de Servicio General General Depósito 27.01.2010 LF1   610.6952 V297m 11722-30 25.06.2020 e. 3 25.06.2020 Libro y Folleto Colección Dominicana de Servicio
        Dominicana de Servicio General General Depósito 27.01.2010 LF1   610.6952 V297m 11722-40 25.06.2020 e. 4 25.06.2020 Libro y Folleto Colección Dominicana de Servicio
      Excluido de préstamo Patrimonio Dominicano Patrimonio Dominicano Patrimonio Dominicano Depósito 27.10.2009 LF1   610.6952 V297m 11722-10 25.06.2020   25.06.2020 Libro y Folleto Colección Patrimonio Dominicano
      Excluido de préstamo Patrimonio Dominicano Patrimonio Dominicano Patrimonio Dominicano Depósito 23.11.2009 LF1   610.6952 V297m 11722-20 25.06.2020 e. 2 25.06.2020 Libro y Folleto Colección Patrimonio Dominicano

Powered by Koha